000 00411nam a2200169Ia 4500
001 14547
003 IN-NITTTR
005 20251114233137.0
008 251113s9999||||xx |||||||||||||| ||eng||
040 _beng
040 _cIN-NITTTR
041 _aeng
082 _a370.19 S13
100 _aScotter, Richard D. Van
245 0 _aSocial foundations of education. /
_cScotter, Richard D. Van
942 _2ddc
_cBK
999 _c17183
_d17183